000 00477nam a2200193Ia 4500
005 20240823025821.0
008 240823s9999||||xx |||||||||||||| ||und||
020 _a978-81-239-1700-9
041 _aENGLISH
082 _A624.183412 Q0
100 _aKrishna Raju N
245 0 _aPrestressed Concrete
250 _a4th
260 _c2010
_b"CBS Publishers & Distributors,New "
500 _aYES
650 _aPrestressed Concrete
_bCivil
942 _cBK
999 _c187222
_d187222